| 000 | 01005nam a2200265 i 4500 | ||
|---|---|---|---|
| 001 | 57281 | ||
| 003 | ES-MaACL | ||
| 005 | 20250717114911.0 | ||
| 007 | t| | ||
| 008 | 031015s1910 sp f 00110bspa d | ||
| 080 | _a929:75 Sorolla, Joaquín | ||
| 100 | 1 |
_aDomenech, Rafael. _945083 |
|
| 245 | 1 | 0 |
_aSorolla : _bsu vida y su arte / _cpor Rafael Doménech. |
| 260 |
_aMadrid : _bLeoncio Miguel, _c1910. |
||
| 300 |
_aXXXVI p., 87 p. de lám. ; _c28 cm. |
||
| 490 | 1 |
_aBiblioteca de arte español / dirigida por Rafael Doménech ; _v1 |
|
| 530 | _aDisponible en formato digital. | ||
| 599 | _aEn port.: 116 ilustraciones | ||
| 600 | 1 | 4 |
_aSorolla, Joaquín, _d1863-1923 _9107418 |
| 830 | 1 |
_aBiblioteca de arte español / dirigida por Rafael Doménech ; _v1 _9227198 |
|
| 852 | 4 |
_aES-MaACL _jF-12928 _cSPP2 _zRevisado enlace: 17 de julio de 2025 |
|
| 856 | 4 |
_uhttp://bdh-rd.bne.es/viewer.vm?id=0000205015&page=1 _yBiblioteca Digital Hispánica |
|
| 942 | _2udc | ||
| 999 |
_c57281 _d57281 |
||